[Event "CAN-op"]
[Site "Edmonton CAN"]
[Date "2009.07.16"]
[Round "6.22"]
[White "Kagramanov, Dalia"]
[Black "Moloney, Nicholas"]
[Result "0-1"]
[WhiteElo "1941"]
[BlackElo "2230"]
[PlyCount "64"]
[GameId "2160767910156122"]
[EventDate "2009.07.11"]
[EventType "swiss"]
[EventRounds "9"]
[EventCountry "CAN"]
[SourceTitle "EXT 2022"]
[Source "ChessBase"]
[SourceDate "2021.10.06"]
[SourceVersion "1"]
[SourceVersionDate "2021.10.06"]
[SourceQuality "1"]

1. e4 c5 2. Nf3 d6 3. d4 cxd4 4. Nxd4 Nf6 5. Nc3 g6 6. Be3 Bg7 7. f3 O-O 8. Qd2 Nc6 9. Bc4 Bd7 10. O-O-O Qa5 11. Kb1 Ne5 12. Bb3 Rfc8 13. h4 Nc4 14. Bxc4 Rxc4 15. Nb3 Qa6 16. g4 Rac8 17. h5 Bxg4 18. fxg4 Rxc3 19. hxg6 hxg6 20. bxc3 Nxe4 21. Qh2 Nxc3+ 22. Kc1 Nxa2+ 23. Kb1 Nc3+ 24. Kc1 Ne2+ 25. Kb1 Rxc2 26. Qh7+ Kf8 27. Qxg7+ Kxg7 28. Kxc2 Qa2+ 29. Kd3 Ng3 30. Nd4 Nxh1 31. Rxh1 e5 32. Nf3 Qg2 0-1

[Event "CAN-op"]
[Site "Edmonton CAN"]
[Date "2009.07.16"]
[Round "6.23"]
[White "Piasetski, Leon"]
[Black "Fan, Brendan"]
[Result "1-0"]
[WhiteElo "2406"]
[BlackElo "1992"]
[PlyCount "59"]
[GameId "2160767910156123"]
[EventDate "2009.07.11"]
[EventType "swiss"]
[EventRounds "9"]
[EventCountry "CAN"]
[SourceTitle "EXT 2022"]
[Source "ChessBase"]
[SourceDate "2021.10.06"]
[SourceVersion "1"]
[SourceVersionDate "2021.10.06"]
[SourceQuality "1"]

1. Nf3 Nf6 2. c4 e6 3. Nc3 Bb4 4. Qb3 c5 5. g3 Nc6 6. a3 Ba5 7. Bg2 O-O 8. O-O d5 9. Na4 Qd6 10. d3 d4 11. Rb1 Rb8 12. e3 b5 13. cxb5 Ba6 14. Qc2 Rxb5 15. exd4 Nxd4 16. Nxd4 cxd4 17. b4 Rc8 18. Qe2 Bb6 19. Bf4 e5 20. Bd2 Nd5 21. Rfc1 Re8 22. Rb2 Bb7 23. Rbc2 f5 24. Nb2 Nc3 25. Bxc3 Bxg2 26. Kxg2 dxc3 27. Rxc3 e4 28. dxe4 Rbe5 29. Nc4 Rxe4 30. Qxe4 1-0

[Event "CAN-op"]
[Site "Edmonton CAN"]
[Date "2009.07.16"]
[Round "6.25"]
[White "Haessel, Dale"]
[Black "Ferreira, Alex"]
[Result "1/2-1/2"]
[WhiteElo "2276"]
[BlackElo "1987"]
[PlyCount "50"]
[GameId "2160767910156125"]
[EventDate "2009.07.11"]
[EventType "swiss"]
[EventRounds "9"]
[EventCountry "CAN"]

1. d4 d5 2. c4 e5 3. dxe5 d4 4. Nf3 Nc6 5. a3 Nge7 6. e3 Nf5 7. exd4 Nfxd4 8. Nxd4 Qxd4 9. Nc3 Qxd1+ 10. Nxd1 Nxe5 11. Ne3 Be6 12. f4 Ng4 13. Be2 Nxe3 14. Bxe3 O-O-O 15. O-O g6 16. Rad1 Bg7 17. b4 Bb2 18. a4 Bf5 19. a5 Rxd1 20. Rxd1 Re8 21. Kf2 Bc3 22. g4 Be4 23. Bd2 Bd4+ 24. Kg3 c5 25. Bf3 Bxf3 1/2-1/2

[Event "CAN-op"]
[Site "Edmonton CAN"]
[Date "2009.07.16"]
[Round "6.26"]
[White "Gentes, Kevin"]
[Black "Gaciu, Vlad"]
[Result "1-0"]
[WhiteElo "2246"]
[BlackElo "1916"]
[PlyCount "47"]
[GameId "2160767910156126"]
[EventDate "2009.07.11"]
[EventType "swiss"]
[EventRounds "9"]
[EventCountry "CAN"]
[SourceTitle "EXT 2022"]
[Source "ChessBase"]
[SourceDate "2021.10.06"]
[SourceVersion "1"]
[SourceVersionDate "2021.10.06"]
[SourceQuality "1"]

1. Nf3 f5 2. g3 Nf6 3. c4 e6 4. Bg2 Be7 5. O-O O-O 6. b3 d6 7. d4 Ne4 8. Nbd2 Bf6 9. Bb2 c5 10. Qc2 Nxd2 11. Qxd2 Qc7 12. Rad1 Nd7 13. Rfe1 e5 14. dxc5 dxc5 15. e4 Nb6 16. exf5 Rd8 17. Qc2 Rxd1 18. Qxd1 Bxf5 19. Bxe5 Bxe5 20. Nxe5 Rf8 21. Bd5+ Kh8 22. Nf7+ Kg8 23. Nh6+ Kh8 24. Nxf5 1-0

[Event "CAN-op"]
[Site "Edmonton CAN"]
[Date "2009.07.16"]
[Round "6.27"]
[White "Daniluk, Jim"]
[Black "Li, Zhichao"]
[Result "0-1"]
[WhiteElo "1978"]
[BlackElo "2183"]
[PlyCount "58"]
[GameId "2160767910156127"]
[EventDate "2009.07.11"]
[EventType "swiss"]
[EventRounds "9"]
[EventCountry "CAN"]
[SourceTitle "EXT 2022"]
[Source "ChessBase"]
[SourceDate "2021.10.06"]
[SourceVersion "1"]
[SourceVersionDate "2021.10.06"]
[SourceQuality "1"]

1. d4 d5 2. Nf3 c6 3. c4 Nf6 4. Nc3 e6 5. e3 Nbd7 6. cxd5 exd5 7. Bd3 Bd6 8. O-O O-O 9. e4 dxe4 10. Nxe4 Nxe4 11. Bxe4 h6 12. Bc2 Nf6 13. Qd3 Re8 14. Re1 Rxe1+ 15. Nxe1 Be6 16. Nf3 Bd5 17. Qf5 Qd7 18. Ne5 Qxf5 19. Bxf5 Re8 20. f4 Be4 21. Bh3 Nd5 22. g3 Nb4 23. Nc4 Bc7 24. Na3 Bd5 25. Bd2 Nxa2 26. Kf2 Bb6 27. Be3 Nb4 28. Bf1 Bb3 29. Rc1 Nd5 0-1

[Event "CAN-op"]
[Site "Edmonton CAN"]
[Date "2009.07.16"]
[Round "6.28"]
[White "Longo, Tyler"]
[Black "Hughey, Micah"]
[Result "1/2-1/2"]
[WhiteElo "1992"]
[BlackElo "2217"]
[PlyCount "32"]
[GameId "2160767910156128"]
[EventDate "2009.07.11"]
[EventType "swiss"]
[EventRounds "9"]
[EventCountry "CAN"]

1. d4 d5 2. Nf3 c5 3. e3 Nf6 4. Nbd2 Nc6 5. Bd3 Bg4 6. h3 Bh5 7. dxc5 e5 8. g4 Bg6 9. Bb5 Qc7 10. b4 a5 11. Bb2 e4 12. Ne5 axb4 13. Nb3 Be7 14. g5 Bh5 15. Qd2 Nd7 16. Qxd5 O-O-O 1/2-1/2

[Event "CAN-op"]
[Site "Edmonton CAN"]
[Date "2009.07.16"]
[Round "6.29"]
[White "Abrahams, Daniel"]
[Black "Sundar, Avinaash"]
[Result "0-1"]
[WhiteElo "2027"]
[BlackElo "2210"]
[PlyCount "40"]
[GameId "2160767910156129"]
[EventDate "2009.07.11"]
[EventType "swiss"]
[EventRounds "9"]
[EventCountry "CAN"]

1. e4 c5 2. Nf3 d6 3. d4 cxd4 4. Nxd4 Nf6 5. Nc3 g6 6. Bd3 Bg7 7. O-O O-O 8. Kh1 Nc6 9. Nde2 d5 10. exd5 Nxd5 11. Nxd5 Qxd5 12. Nc3 Qa5 13. Be3 Ne5 14. Qd2 Rd8 15. Rfd1 Nc4 16. Qc1 Nxb2 17. Qxb2 Bxc3 18. Qb3 Bxa1 19. Rxa1 Qd5 20. Qc3 Bf5 0-1

[Event "CAN-op"]
[Site "Edmonton CAN"]
[Date "2009.07.16"]
[Round "6.30"]
[White "Jablon, Stephen"]
[Black "Doubleday, William"]
[Result "0-1"]
[WhiteElo "1985"]
[BlackElo "2198"]
[PlyCount "106"]
[GameId "2160767910156130"]
[EventDate "2009.07.11"]
[EventType "swiss"]
[EventRounds "9"]
[EventCountry "CAN"]
[SourceTitle "EXT 2022"]
[Source "ChessBase"]
[SourceDate "2021.10.06"]
[SourceVersion "1"]
[SourceVersionDate "2021.10.06"]
[SourceQuality "1"]

1. d4 d5 2. Nc3 Nf6 3. Bg5 Nbd7 4. f3 h6 5. Bh4 e6 6. e4 dxe4 7. fxe4 Be7 8. Bg3 Bb4 9. Bd3 c5 10. a3 Ba5 11. Bd6 cxd4 12. b4 Bc7 13. Nb5 Bxd6 14. Nxd6+ Ke7 15. Nxc8+ Qxc8 16. Qd2 Qc6 17. b5 Qc5 18. Nf3 e5 19. O-O Rac8 20. Nh4 g6 21. Qf2 Qd6 22. Nf3 Qe6 23. h3 Kf8 24. g4 Nh7 25. Qh4 Kg7 26. Nd2 Rc3 27. Rf2 Rhc8 28. Raf1 f6 29. Nb1 R3c7 30. Qg3 Qe7 31. h4 b6 32. h5 g5 33. Qf3 Nhf8 34. Kg2 Ne6 35. Rd2 Nf4+ 36. Kg3 Qe6 37. Rfd1 Nc5 38. Qf1 Na4 39. Re1 Nc3 40. Nxc3 Rxc3 41. Ra1 Qe7 42. a4 Ra3 43. Qb1 Rcc3 44. Kf2 Rxa1 45. Qxa1 Qb4 46. Rd1 Ra3 47. Rb1 Qd2+ 48. Kf1 Rxa1 49. Rxa1 Nh3 50. Be2 Qe3 51. Kg2 Nf4+ 52. Kh1 Qh3+ 53. Kg1 Qg2# 0-1

[Event "CAN-op"]
[Site "Edmonton CAN"]
[Date "2009.07.16"]
[Round "6.32"]
[White "Daswani, Benedict"]
[Black "Farine, Jonathan"]
[Result "1/2-1/2"]
[WhiteElo "2115"]
[BlackElo "1894"]
[PlyCount "80"]
[GameId "2160767910156132"]
[EventDate "2009.07.11"]
[EventType "swiss"]
[EventRounds "9"]
[EventCountry "CAN"]

1. g3 e5 2. d3 d5 3. Nf3 Nc6 4. Bg2 g6 5. c4 dxc4 6. Qa4 Bg7 7. Bg5 Nge7 8. Nc3 O-O 9. O-O-O cxd3 10. Rxd3 Nd4 11. Nxd4 exd4 12. Ne4 Bf5 13. g4 Bxe4 14. Bxe4 Qd6 15. h4 Nd5 16. Qb3 Nf4 17. Rf3 Ne6 18. Bc2 h6 19. Bd2 Qb6 20. Qa3 a5 21. h5 g5 22. Qd3 f5 23. Rxf5 Rxf5 24. Qxf5 Nf8 25. f4 d3 26. Bb3+ Kh8 27. Bc3 Bxc3 28. bxc3 Qe3+ 29. Kb1 Qxf4 30. Qxf4 gxf4 31. exd3 Nh7 32. Rf1 Rf8 33. Be6 Ng5 34. Bf5 f3 35. Kc2 Re8 36. Rf2 Re1 37. Kd2 Ra1 38. Ke3 Re1+ 39. Kd2 Ra1 40. Ke3 Re1+ 1/2-1/2

[Event "CAN-op"]
[Site "Edmonton CAN"]
[Date "2009.07.16"]
[Round "6.33"]
[White "Huang, Richard"]
[Black "Sequillion, Aaron"]
[Result "0-1"]
[WhiteElo "1952"]
[BlackElo "2108"]
[PlyCount "40"]
[GameId "2160767910156133"]
[EventDate "2009.07.11"]
[EventType "swiss"]
[EventRounds "9"]
[EventCountry "CAN"]
[SourceTitle "EXT 2022"]
[Source "ChessBase"]
[SourceDate "2021.10.06"]
[SourceVersion "1"]
[SourceVersionDate "2021.10.06"]
[SourceQuality "1"]

1. d4 Nf6 2. Bg5 c5 3. Bxf6 gxf6 4. d5 Qb6 5. Qc1 Bh6 6. e3 d6 7. Nd2 f5 8. g3 O-O 9. Bg2 e5 10. dxe6 fxe6 11. Ne2 Nd7 12. O-O Nf6 13. c4 e5 14. Qc2 Be6 15. Bh3 Ng4 16. Bxg4 fxg4 17. Nc3 Qc6 18. Rad1 a6 19. Nde4 Bf5 20. Rxd6 Qxd6 0-1

[Event "CAN-op"]
[Site "Edmonton CAN"]
[Date "2009.07.16"]
[Round "6.34"]
[White "Monaghan, Jim"]
[Black "Rachar, Sean"]
[Result "1/2-1/2"]
[WhiteElo "2090"]
[BlackElo "1897"]
[PlyCount "108"]
[GameId "2160767910156134"]
[EventDate "2009.07.11"]
[EventType "swiss"]
[EventRounds "9"]
[EventCountry "CAN"]
[SourceTitle "EXT 2022"]
[Source "ChessBase"]
[SourceDate "2021.10.06"]
[SourceVersion "1"]
[SourceVersionDate "2021.10.06"]
[SourceQuality "1"]

1. d4 d5 2. Nf3 Nf6 3. c4 e6 4. Nc3 c6 5. e3 Nbd7 6. Bd3 dxc4 7. Bxc4 b5 8. Bd3 Bb7 9. O-O a6 10. e4 c5 11. e5 cxd4 12. Nxb5 axb5 13. exf6 Qxf6 14. Bxb5 Bc5 15. Re1 Bxf3 16. Qxf3 Qxf3 17. gxf3 Ke7 18. Bxd7 Kxd7 19. Bd2 Rhb8 20. Reb1 d3 21. Bc3 Kc6 22. Rd1 Rd8 23. Rd2 Rd5 24. Rad1 Rad8 25. f4 Kb5 26. Kg2 g6 27. Kf3 Bb6 28. Re1 Ra8 29. a3 Kc4 30. Rc1 Kb5 31. Re1 Rc8 32. Re4 Rc4 33. Re5 Rxc3 34. bxc3 Kc4 35. Rxd5 exd5 36. a4 Kxc3 37. Rd1 Kc2 38. Ra1 Bd4 39. Rg1 d2 40. Ke2 Bc3 41. f5 d4 42. fxg6 d3+ 43. Ke3 fxg6 44. h3 Ba5 45. Rf1 Bb6+ 46. Ke4 d1=Q 47. Rxd1 Kxd1 48. Kxd3 Bxf2 49. a5 Ke1 50. Ke4 Ke2 51. Kf4 Be3+ 52. Kg3 g5 53. h4 gxh4+ 54. Kh2 Ba7 1/2-1/2

[Event "CAN-op"]
[Site "Edmonton CAN"]
[Date "2009.07.16"]
[Round "6.35"]
[White "Shah, Omar"]
[Black "Pedersen, Rick"]
[Result "1-0"]
[WhiteElo "1972"]
[BlackElo "2089"]
[PlyCount "37"]
[GameId "2160767910156135"]
[EventDate "2009.07.11"]
[EventType "swiss"]
[EventRounds "9"]
[EventCountry "CAN"]
[SourceTitle "EXT 2022"]
[Source "ChessBase"]
[SourceDate "2021.10.06"]
[SourceVersion "1"]
[SourceVersionDate "2021.10.06"]
[SourceQuality "1"]

1. e4 d6 2. d4 Nf6 3. Nc3 g6 4. Be3 c6 5. Bd3 e5 6. Nf3 Nbd7 7. h3 Qe7 8. Qd2 b5 9. O-O Bg7 10. Ne2 a6 11. a4 O-O 12. Ng3 Bb7 13. Bh6 exd4 14. Nxd4 c5 15. Ndf5 Qe5 16. Bxg7 c4 17. Qh6 gxf5 18. Nxf5 cxd3 19. Bxf8 1-0

[Event "CAN-op"]
[Site "Edmonton CAN"]
[Date "2009.07.16"]
[Round "6.36"]
[White "Miller, Brian"]
[Black "Gluckie, Jamin"]
[Result "1/2-1/2"]
[WhiteElo "1889"]
[BlackElo "2089"]
[PlyCount "86"]
[GameId "2160767910156136"]
[EventDate "2009.07.11"]
[EventType "swiss"]
[EventRounds "9"]
[EventCountry "CAN"]

1. d4 Nf6 2. c4 c5 3. d5 b5 4. cxb5 a6 5. bxa6 g6 6. Nc3 Bxa6 7. e4 Bxf1 8. Kxf1 d6 9. Nge2 Bg7 10. Nf4 Nbd7 11. g4 Ne5 12. g5 Nfd7 13. h4 h5 14. gxh6 Bxh6 15. h5 g5 16. Nd3 Qb6 17. Kg2 c4 18. Be3 Qb7 19. Nxe5 Nxe5 20. Qe2 Rb8 21. Rab1 Qc8 22. Bd4 Nd3 23. Kg3 O-O 24. b3 f5 25. exf5 Qxf5 26. Qe6+ Qxe6 27. dxe6 cxb3 28. Rxb3 Rxb3 29. axb3 Nf4 30. b4 Rc8 31. b5 Nxe6 32. Nd5 Kf7 33. Be3 Nc5 34. Bxc5 Ke6 35. Bxd6 Kxd6 36. Ne3 Rc5 37. Rb1 Kc7 38. b6+ Kb7 39. Ng4 Bg7 40. h6 Bh8 41. h7 Rf5 42. f3 Rf7 43. Rb5 Rxh7 1/2-1/2

[Event "CAN-op"]
[Site "Edmonton CAN"]
[Date "2009.07.16"]
[Round "6.37"]
[White "Gorelik, Lev"]
[Black "Kong, Dezheng"]
[Result "1/2-1/2"]
[WhiteElo "2079"]
[BlackElo "1890"]
[PlyCount "63"]
[GameId "2160767910156137"]
[EventDate "2009.07.11"]
[EventType "swiss"]
[EventRounds "9"]
[EventCountry "CAN"]
[SourceTitle "EXT 2022"]
[Source "ChessBase"]
[SourceDate "2021.10.06"]
[SourceVersion "1"]
[SourceVersionDate "2021.10.06"]
[SourceQuality "1"]

1. d4 d5 2. Nf3 Nf6 3. Bf4 e6 4. e3 Be7 5. Bd3 O-O 6. O-O a6 7. Nbd2 Nbd7 8. c3 c5 9. Ne5 Re8 10. Ndf3 Nxe5 11. Nxe5 c4 12. Bc2 Bd7 13. Bg5 h6 14. Bf4 Rc8 15. Qf3 Bf8 16. g4 g5 17. Bg3 Bg7 18. Qe2 Rf8 19. f4 Bc6 20. fxg5 hxg5 21. Rac1 Ne4 22. Rf3 f6 23. Nxc6 Rxc6 24. Bxe4 dxe4 25. Rf2 Qd7 26. Qf1 b5 27. a3 a5 28. Qg2 Qd5 29. h4 Rcc8 30. Qh3 Qd7 31. Rh2 gxh4 32. Qxh4 1/2-1/2

[Event "CAN-op"]
[Site "Edmonton CAN"]
[Date "2009.07.16"]
[Round "6.38"]
[White "Usselman, Paul"]
[Black "Willis, Bradley"]
[Result "1-0"]
[WhiteElo "2072"]
[BlackElo "1886"]
[PlyCount "63"]
[GameId "2160767910156138"]
[EventDate "2009.07.11"]
[EventType "swiss"]
[EventRounds "9"]
[EventCountry "CAN"]
[SourceTitle "EXT 2022"]
[Source "ChessBase"]
[SourceDate "2021.10.06"]
[SourceVersion "1"]
[SourceVersionDate "2021.10.06"]
[SourceQuality "1"]

1. Nf3 Nf6 2. c4 g6 3. b4 a5 4. b5 Bg7 5. Bb2 O-O 6. g3 c6 7. a4 d5 8. cxd5 cxb5 9. axb5 Nxd5 10. Bxg7 Kxg7 11. Bg2 Nd7 12. O-O e5 13. d3 Re8 14. Qb3 N7b6 15. Nc3 Nxc3 16. Qxc3 Nd5 17. Qb2 f6 18. Rfc1 Be6 19. Nd2 b6 20. Rc6 Nb4 21. Rxe6 Rxe6 22. Bxa8 Qxa8 23. Qxb4 axb4 24. Rxa8 Rd6 25. Ra7+ Kf8 26. Ra4 Ke7 27. Rxb4 Ke6 28. Rc4 Kd7 29. Ne4 Rd4 30. Nxf6+ Ke7 31. Rc6 Rd6 32. Rxd6 1-0

[Event "CAN-op"]
[Site "Edmonton CAN"]
[Date "2009.07.16"]
[Round "6.39"]
[White "Sohal, Tanraj"]
[Black "Kalaydina, Regina Veronicka"]
[Result "1-0"]
[WhiteElo "2072"]
[BlackElo "1812"]
[PlyCount "67"]
[GameId "2160767910156139"]
[EventDate "2009.07.11"]
[EventType "swiss"]
[EventRounds "9"]
[EventCountry "CAN"]
[SourceTitle "EXT 2022"]
[Source "ChessBase"]
[SourceDate "2021.10.06"]
[SourceVersion "1"]
[SourceVersionDate "2021.10.06"]
[SourceQuality "1"]

1. d4 d5 2. c4 c6 3. cxd5 cxd5 4. Nc3 e6 5. Bf4 Qb6 6. Qd2 Nc6 7. e3 Nf6 8. f3 Be7 9. Bd3 Nh5 10. Bg3 Nxg3 11. hxg3 h6 12. f4 a6 13. Nf3 Qd8 14. Rc1 Bd7 15. Qe2 b5 16. O-O O-O 17. Bb1 Rc8 18. Ne5 Be8 19. Qd3 f5 20. Ne2 Bf6 21. g4 g6 22. gxf5 gxf5 23. Kf2 Nxe5 24. dxe5 Bg7 25. Rxc8 Qxc8 26. Rh1 Qc4 27. Nd4 Bd7 28. Qd2 Rc8 29. a3 Bf8 30. Bd3 Qc7 31. g4 fxg4 32. Qe2 g3+ 33. Kxg3 Bg7 34. Qg4 1-0

[Event "CAN-op"]
[Site "Edmonton CAN"]
[Date "2009.07.16"]
[Round "6.40"]
[White "Du, Jasmine"]
[Black "Yam, Alex"]
[Result "0-1"]
[WhiteElo "1893"]
[BlackElo "2060"]
[PlyCount "70"]
[GameId "2160767910156140"]
[EventDate "2009.07.11"]
[EventType "swiss"]
[EventRounds "9"]
[EventCountry "CAN"]
[SourceTitle "EXT 2022"]
[Source "ChessBase"]
[SourceDate "2021.10.06"]
[SourceVersion "1"]
[SourceVersionDate "2021.10.06"]
[SourceQuality "1"]

1. d4 Nf6 2. c4 c5 3. Nf3 cxd4 4. Nxd4 e5 5. Nc2 b5 6. e3 bxc4 7. Bxc4 d5 8. Bb5+ Bd7 9. Bxd7+ Qxd7 10. Nc3 Nc6 11. O-O Bc5 12. b3 O-O 13. Bb2 Rfd8 14. Na4 Bd6 15. Qe2 Rac8 16. Rfd1 Qf5 17. h3 h5 18. Ne1 d4 19. Nc2 Ne7 20. Rac1 Ned5 21. Qd3 Qg5 22. Qe2 dxe3 23. Nxe3 Nf4 24. Qe1 Rxc1 25. Bxc1 Nxh3+ 26. Kf1 Nf4 27. g3 Qg6 28. Ng2 Nd3 29. Qe2 e4 30. Nh4 Qg4 31. Qxg4 Nxg4 32. Bb2 Ngxf2 33. Rd2 Nh1 34. Nf5 Nxg3+ 35. Nxg3 Bxg3 0-1

[Event "CAN-op"]
[Site "Edmonton CAN"]
[Date "2009.07.16"]
[Round "6.41"]
[White "Purewal, Sardul"]
[Black "Wu, Allan"]
[Result "1/2-1/2"]
[WhiteElo "2057"]
[BlackElo "1867"]
[PlyCount "79"]
[GameId "2160767910156141"]
[EventDate "2009.07.11"]
[EventType "swiss"]
[EventRounds "9"]
[EventCountry "CAN"]
[SourceTitle "EXT 2022"]
[Source "ChessBase"]
[SourceDate "2021.10.06"]
[SourceVersion "1"]
[SourceVersionDate "2021.10.06"]
[SourceQuality "1"]

1. d4 Nf6 2. c4 g6 3. Nc3 d5 4. Nf3 Bg7 5. g3 O-O 6. cxd5 Nxd5 7. e4 Nxc3 8. bxc3 c5 9. Be3 Bg4 10. Be2 Nc6 11. e5 cxd4 12. cxd4 Bh3 13. Ng5 Bg2 14. Rg1 Bd5 15. Qa4 Qb6 16. f4 Qb4+ 17. Qxb4 Nxb4 18. Kf2 Nxa2 19. Bf3 Bxf3 20. Kxf3 Nc3 21. Rgc1 Nd5 22. Bg1 e6 23. Ne4 Rfb8 24. Nc3 Nxc3 25. Rxc3 b5 26. Ra6 b4 27. Rb3 Bf8 28. Be3 Rb7 29. Ke4 Rd8 30. g4 Bh6 31. h4 Rd5 32. Bd2 Rdb5 33. Be1 Bf8 34. f5 R5b6 35. Ra2 Be7 36. f6 Bf8 37. g5 Rc7 38. Bd2 a6 39. Ra4 Ra7 40. Ra5 1/2-1/2

[Event "CAN-op"]
[Site "Edmonton CAN"]
[Date "2009.07.16"]
[Round "6.43"]
[White "Reeve, Jeff"]
[Black "Pisanski, Piotr"]
[Result "1-0"]
[WhiteElo "2314"]
[BlackElo "1428"]
[PlyCount "75"]
[GameId "2160767910156143"]
[EventDate "2009.07.11"]
[EventType "swiss"]
[EventRounds "9"]
[EventCountry "CAN"]
[SourceTitle "EXT 2022"]
[Source "ChessBase"]
[SourceDate "2021.10.06"]
[SourceVersion "1"]
[SourceVersionDate "2021.10.06"]
[SourceQuality "1"]

1. e4 e5 2. Nf3 Nc6 3. Bb5 a6 4. Bxc6 dxc6 5. O-O Qd6 6. d3 f6 7. Be3 c5 8. Nbd2 Be6 9. Qe2 Ne7 10. Nc4 Qc6 11. Nfd2 Ng6 12. a4 Be7 13. Na5 Qb6 14. Ndc4 Qa7 15. g3 b6 16. Nc6 Qb7 17. Nxe7 Nxe7 18. b3 O-O 19. f3 Rfd8 20. h4 Qc6 21. Qf2 a5 22. Nd2 Bh3 23. Rfe1 h5 24. Kh2 Bd7 25. Rg1 Kf7 26. Nc4 Rh8 27. Bd2 Rag8 28. Rg2 Qe6 29. f4 Nc6 30. Rf1 Ke8 31. Bc3 Nd4 32. Bxd4 cxd4 33. Kg1 c5 34. fxe5 fxe5 35. Qf5 Qe7 36. Qg6+ Kd8 37. Qxb6+ Kc8 38. Nd6+ 1-0

[Event "CAN-op"]
[Site "Edmonton CAN"]
[Date "2009.07.16"]
[Round "6.44"]
[White "Kalisvaart, Peter"]
[Black "McKay, Arnold"]
[Result "1-0"]
[WhiteElo "2255"]
[BlackElo "1889"]
[PlyCount "99"]
[GameId "2160767910156144"]
[EventDate "2009.07.11"]
[EventType "swiss"]
[EventRounds "9"]
[EventCountry "CAN"]
[SourceTitle "EXT 2022"]
[Source "ChessBase"]
[SourceDate "2021.10.06"]
[SourceVersion "1"]
[SourceVersionDate "2021.10.06"]
[SourceQuality "1"]

1. e4 c5 2. Nf3 d6 3. Bb5+ Bd7 4. c4 Nc6 5. Nc3 e6 6. O-O Nge7 7. d4 cxd4 8. Nxd4 Ng6 9. b3 Be7 10. Bb2 O-O 11. Nde2 a6 12. Ba4 Qc7 13. Rc1 Nce5 14. Bxd7 Nxd7 15. Qd2 Rad8 16. Ng3 Qc5 17. Na4 Qg5 18. Qxg5 Bxg5 19. Rcd1 Nc5 20. Nxc5 dxc5 21. Nh5 e5 22. Rd5 Rxd5 23. cxd5 Be7 24. Rd1 Bd6 25. Ng3 Ne7 26. Ne2 f6 27. Ng3 Rc8 28. Rc1 Rc7 29. Nf1 Nc8 30. Ne3 g6 31. g4 Kf7 32. h4 Bf8 33. g5 fxg5 34. hxg5 Bg7 35. Ng4 b6 36. Bxe5 Bxe5 37. Nxe5+ Ke7 38. Nc6+ Kd6 39. Rd1 a5 40. e5+ Kd7 41. f4 Ke8 42. Kg2 Na7 43. Nxa7 Rxa7 44. Kf3 a4 45. Ke4 axb3 46. axb3 Ra2 47. d6 Re2+ 48. Kf3 Rb2 49. e6 Rxb3+ 50. Ke4 1-0

[Event "CAN-op"]
[Site "Edmonton CAN"]
[Date "2009.07.16"]
[Round "6.45"]
[White "Moura, Eduardo"]
[Black "Fokkema, Jerred"]
[Result "1/2-1/2"]
[WhiteElo "2091"]
[BlackElo "1864"]
[PlyCount "112"]
[GameId "2160767910156145"]
[EventDate "2009.07.11"]
[EventType "swiss"]
[EventRounds "9"]
[EventCountry "CAN"]
[SourceTitle "EXT 2022"]
[Source "ChessBase"]
[SourceDate "2021.10.06"]
[SourceVersion "1"]
[SourceVersionDate "2021.10.06"]
[SourceQuality "1"]

1. e4 c5 2. Nf3 d6 3. c3 Nf6 4. Be2 e6 5. O-O Be7 6. Bb5+ Bd7 7. Bxd7+ Nbxd7 8. Qe2 Qc7 9. d3 O-O 10. a4 Rfe8 11. Re1 e5 12. c4 Nb8 13. Nc3 Nc6 14. Bg5 a6 15. Bxf6 Bxf6 16. Nd5 Qd8 17. g3 g6 18. Rab1 a5 19. Kh1 Bg7 20. g4 Ne7 21. Nxe7+ Qxe7 22. Rg1 f6 23. Nd2 Bh6 24. Nf1 Bf4 25. Ne3 Bxe3 26. fxe3 g5 27. Rbf1 Rf8 28. Rf5 Rf7 29. Rgf1 Raf8 30. Qc2 h6 31. Qb3 Qc7 32. Qb5 b6 33. R1f3 Kg7 34. Rh3 Rb8 35. Qb3 Rd8 36. Qc2 Qe7 37. b3 Rh8 38. Qe2 Rh7 39. Kg2 Rf8 40. Kf2 Rfh8 41. Rh5 Qf7 42. Qf3 Rf8 43. Ke2 Qg6 44. Qh3 Rfh8 45. Rf1 Kf7 46. Qf3 Ke7 47. Kd2 Rf8 48. Ke2 Rd8 49. Rd1 Rhh8 50. Rf1 Rdf8 51. Kd2 Rf7 52. Ke2 Rff8 53. Kf2 Kf7 54. Kg3 Kg7 55. Rd1 Rd8 56. Rd2 Rhf8 1/2-1/2

[Event "CAN-op"]
[Site "Edmonton CAN"]
[Date "2009.07.16"]
[Round "6.46"]
[White "Davies, Noam"]
[Black "Caughlin, Wade"]
[Result "1-0"]
[WhiteElo "2214"]
[BlackElo "1855"]
[PlyCount "52"]
[GameId "2160767910156146"]
[EventDate "2009.07.11"]
[EventType "swiss"]
[EventRounds "9"]
[EventCountry "CAN"]
[SourceTitle "EXT 2022"]
[Source "ChessBase"]
[SourceDate "2021.10.06"]
[SourceVersion "1"]
[SourceVersionDate "2021.10.06"]
[SourceQuality "1"]

1. e4 c5 2. Nf3 e6 3. d4 cxd4 4. Nxd4 Nc6 5. Nc3 a6 6. Nxc6 bxc6 7. Bd3 d5 8. O-O Nf6 9. Kh1 Be7 10. f4 O-O 11. a3 Nd7 12. b4 a5 13. Bb2 Ba6 14. b5 Bxb5 15. Nxb5 cxb5 16. exd5 exd5 17. Rf3 Bf6 18. Bxh7+ Kxh7 19. Rh3+ Kg8 20. Qh5 Bh4 21. Rxh4 f6 22. Qxd5+ Rf7 23. Rd1 Rc8 24. Rh8+ Kxh8 25. Qxf7 Rc7 26. Rd3 Nf8 1-0

[Event "CAN-op"]
[Site "Edmonton CAN"]
[Date "2009.07.16"]
[Round "6.47"]
[White "MacFie, Bob"]
[Black "Kaptsan, Aron"]
[Result "0-1"]
[WhiteElo "1768"]
[BlackElo "2027"]
[PlyCount "48"]
[GameId "2160767910156147"]
[EventDate "2009.07.11"]
[EventType "swiss"]
[EventRounds "9"]
[EventCountry "CAN"]
[SourceTitle "EXT 2022"]
[Source "ChessBase"]
[SourceDate "2021.10.06"]
[SourceVersion "1"]
[SourceVersionDate "2021.10.06"]
[SourceQuality "1"]

1. Nc3 d5 2. d4 c6 3. Bf4 Nf6 4. Nf3 Bf5 5. e3 Nbd7 6. Nh4 Bg4 7. f3 Bh5 8. g4 Bg6 9. Qd2 e6 10. a3 Qa5 11. Nxg6 hxg6 12. Ne4 Qxd2+ 13. Nxd2 Nb6 14. b3 c5 15. Bb5+ Nfd7 16. Bd3 Be7 17. O-O g5 18. Bg3 cxd4 19. exd4 Bf6 20. Bf2 O-O-O 21. Rac1 Kb8 22. Bg3+ Ka8 23. c3 Rc8 24. Rfe1 Rxc3 0-1

[Event "CAN-op"]
[Site "Edmonton CAN"]
[Date "2009.07.16"]
[Round "6.48"]
[White "Oussedik, Elias"]
[Black "Thompson, Peter"]
[Result "1-0"]
[WhiteElo "2052"]
[BlackElo "1793"]
[PlyCount "33"]
[GameId "2160767910156148"]
[EventDate "2009.07.11"]
[EventType "swiss"]
[EventRounds "9"]
[EventCountry "CAN"]
[SourceTitle "EXT 2022"]
[Source "ChessBase"]
[SourceDate "2021.10.06"]
[SourceVersion "1"]
[SourceVersionDate "2021.10.06"]
[SourceQuality "1"]

1. e4 Nc6 2. Nf3 d6 3. d4 Bg4 4. Be3 Nf6 5. Nbd2 e5 6. c3 exd4 7. cxd4 Be7 8. Qc2 O-O 9. a3 a6 10. Bd3 h6 11. h3 Bxf3 12. Nxf3 Re8 13. g4 Nd7 14. h4 Nf8 15. O-O-O d5 16. Rdg1 Ne6 17. exd5 1-0